000 01289cam a2200205 4500
001 ##L134994
008 060918n2006 000 0 eng u
035 _a(Sirsi) u134994
041 0 _aeng
050 0 4 _a711.1 $2 18
110 1 _aUnited Kingdom
_bDepartment for Environment, Food and Rural Affairs
245 0 0 _aStatutory guidance for Natural England on regional planning and associated matters
_ba consultation by the the Department for Environment, Food and Rural Affairs
260 _aLondon
_bDEFRA
_c2006
520 _aA consultation on guidance which sets out in broad terms the ways in which Natural England will participate in regional planning activities and the organisations with which it will work. Natural England is a body formed by combining parts of the Countryside Agency, English Nature and Defra's Rural Development Service. It will operate across the rural and urban agendas, and will help to form a range of regional policies and programmes. The deadline for responses to the consultation is 6 December 2006.
590 _aIKA190906 NTK
651 4 _aEngland
_y886-
690 _aPlanning and development
_96259
856 4 0 _uhttps://www.defra.gov.uk/corporate/consult/ne-guidance/index.htm
_zView the item free of charge at www.defra.gov.uk...
942 _n0
999 _c105881
_d105881